Statistiques concernant Nommez le plus de couleurs en 1 min

Cliquez ici pour prendre le quiz!

Statistiques générales

  • Ce quiz a été pris 203 fois
  • Le résultat moyen est 12 sur 14

Statistiques - réponses

Réponse% Correct
jaune
100%
orange
98%
rouge
98%
violet
98%
noir
97%
blanc
95%
gris
94%
marron
94%
rose
87%
beige
81%
vert clair
77%
vert foncé
77%
bleu clair
72%
bleu foncé
72%

Distribution des résultats

Percentile par nombre de réponses

% des personnes avec chaque résultat

Votre développement - résultats

Vous n’avez pas pris ce quiz